<?xml version="1.0" encoding="UTF-8"?>
<collection xmlns="http://www.loc.gov/MARC21/slim">
 <record>
  <leader>00378pamaa2200145   4500</leader>
  <controlfield tag="001">0000022109</controlfield>
  <controlfield tag="005">20060706090000.0</controlfield>
  <datafield tag="020" ind1="0" ind2="0">
   <subfield code="a">0863160050 </subfield>
  </datafield>
  <datafield tag="082" ind1=" " ind2=" ">
   <subfield code="a">333.75 ROS</subfield>
  </datafield>
  <datafield tag="090" ind1="0" ind2="0">
   <subfield code="a">QH541.5R27 </subfield>
   <subfield code="b">ROS 1992</subfield>
  </datafield>
  <datafield tag="100" ind1="1" ind2="0">
   <subfield code="a">ROSENBLATT </subfield>
  </datafield>
  <datafield tag="245" ind1="1" ind2="0">
   <subfield code="a">Rainforests for beginners  </subfield>
   <subfield code="c">Naomi Rosenblatt.</subfield>
  </datafield>
  <datafield tag="260" ind1="0" ind2="0">
   <subfield code="a">New York: </subfield>
   <subfield code="b">Writers and Readers, </subfield>
   <subfield code="c">1992.</subfield>
  </datafield>
  <datafield tag="300" ind1=" " ind2=" ">
   <subfield code="a">96p.; </subfield>
   <subfield code="c">21cm.</subfield>
  </datafield>
  <datafield tag="650" ind1="0" ind2="0">
   <subfield code="a">Rainforests </subfield>
  </datafield>
 </record>
</collection>
